[Event "Ibiza-ch"]
[Site "Ibiza"]
[Date "2017.11.26"]
[Round "7"]
[White "Bordes Ibanez, Juan Bautista"]
[Black "Tur Serra, Javier"]
[Result "1-0"]
[WhiteElo "1983"]
[BlackElo "1489"]
[PlyCount "73"]
[EventDate "2017.11.04"]
[EventType "swiss"]
[EventRounds "7"]
[EventCountry "ESP"]
[SourceTitle "EXT 2024"]
[Source "ChessBase"]
[SourceDate "2023.10.10"]
[SourceVersion "1"]
[SourceVersionDate "2023.10.10"]
[SourceQuality "1"]

1. d4 Nf6 2. c4 g6 3. Nc3 Bg7 4. e4 d6 5. f3 0-0 6. Be3 e5 7. d5 c6 8. Bd3 Re8 9. Nge2 Nbd7 10. 0-0 Nc5 11. Bc2 a5 12. a3 Qc7 13. Rc1 Rb8 14. Qd2 Bd7 15. b4 axb4 16. axb4 Na6 17. Rb1 b5 18. dxc6 Bxc6 19. cxb5 Bxb5 20. Nxb5 Rxb5 21. Ba4 Reb8 22. Rfc1 Qb7 23. Bxb5 Qxb5 24. Nc3 Qd7 25. b5 Nc5 26. b6 Qc6 27. Nd5 Nxd5 28. Qxd5 Qxd5 29. exd5 Bf8 30. Rb5 f5 31. Ra1 Be7 32. Bxc5 dxc5 33. b7 Kf7 34. Ra8 Bd6 35. Rxb8 Bxb8 36. Rxc5 Ba7 37. Kf1 1-0

[Event "Ibiza-ch"]
[Site "Eivissa"]
[Date "2016.11.20"]
[Round "5"]
[White "Bordes Ibanez, Juan Bautista"]
[Black "Prohens Costa, Armando"]
[Result "1-0"]
[WhiteElo "1980"]
[BlackElo "1666"]
[PlyCount "67"]
[EventDate "2016.11.06"]
[EventType "swiss"]
[EventRounds "7"]
[EventCountry "ESP"]
[SourceTitle "EXT 2018"]
[Source "ChessBase"]
[SourceDate "2017.10.13"]
[SourceVersion "1"]
[SourceVersionDate "2017.10.13"]
[SourceQuality "1"]

1. Nf3 c5 2. c4 Nc6 3. Nc3 g6 4. g3 Bg7 5. Bg2 e5 6. d3 Nge7 7. 0-0 0-0 8. Bg5 f6 9. Bd2 d6 10. e4 Rb8 11. Ne1 a6 12. Nc2 b5 13. b3 Be6 14. Nd5 Nd4 15. Nxd4 cxd4 16. Ba5 Qd7 17. Rc1 Bxd5 18. cxd5 Rfc8 19. Qd2 Rxc1 20. Rxc1 Rc8 21. h4 Rxc1+ 22. Qxc1 Qc8 23. Qxc8+ Nxc8 24. Bh3 Ne7 25. Bb4 Kf7 26. Bxd6 Ke8 27. Kf1 Bh6 28. Ke2 Bc1 29. f4 exf4 30. gxf4 f5 31. Bc5 Be3 32. d6 Nc6 33. exf5 gxf5 34. Bxf5 1-0

[Event "Ibiza-chT 38th"]
[Site "Ibiza"]
[Date "2016.03.13"]
[Round "1.2"]
[White "Bordes Ibanez, Juan Bautista"]
[Black "Prohens Lopez, Aitor"]
[Result "1-0"]
[WhiteElo "1969"]
[BlackElo "1739"]
[PlyCount "41"]
[EventDate "2016.03.13"]
[EventType "team-tourn"]
[EventRounds "5"]
[EventCountry "ESP"]
[SourceTitle "EXT 2024"]
[Source "ChessBase"]
[SourceDate "2023.10.10"]
[SourceVersion "1"]
[SourceVersionDate "2023.10.10"]
[SourceQuality "1"]
[WhiteTeam "Yebisah"]
[BlackTeam "Casino de Ibiza"]
[WhiteTeamCountry "ESP"]
[BlackTeamCountry "ESP"]

1. Nf3 Nf6 2. c4 c5 3. Nc3 Nc6 4. g3 g6 5. Bg2 Bg7 6. 0-0 0-0 7. d4 cxd4 8. Nxd4 Nxd4 9. Qxd4 d6 10. Qd3 a6 11. Rd1 Qc7 12. Bg5 Be6 13. b3 Rab8 14. Rac1 Rfc8 15. c5 dxc5 16. Bf4 c4 17. bxc4 Bxc4 18. Bxc7 Bxd3 19. Bxb8 Bxe2 20. Nxe2 Rxb8 21. Rc7 1-0

[Event "Ibiza-ch"]
[Site "Eivissa"]
[Date "2015.11.29"]
[Round "7"]
[White "Bordes Ibanez, Juan Bautista"]
[Black "Bordes Guasch, Juan Roman"]
[Result "1-0"]
[WhiteElo "1970"]
[BlackElo "1796"]
[PlyCount "53"]
[EventDate "2015.11.07"]
[EventType "swiss"]
[EventRounds "7"]
[EventCountry "ESP"]
[SourceTitle "EXT 2019"]
[Source "ChessBase"]
[SourceDate "2018.10.10"]
[SourceVersion "1"]
[SourceVersionDate "2018.10.10"]
[SourceQuality "1"]

1. Nf3 Nf6 2. c4 g6 3. Nc3 Bg7 4. d4 0-0 5. e4 d6 6. Be2 e5 7. 0-0 Nc6 8. d5 Ne7 9. Ne1 Ne8 10. Be3 f5 11. f3 Nf6 12. Nd3 fxe4 13. fxe4 Bd7 14. c5 Nc8 15. Rc1 a6 16. h3 Qe7 17. Qb3 dxc5 18. d6+ Qf7 19. Qxf7+ Kxf7 20. Nxc5 Ke8 21. dxc7 Nd6 22. Rfd1 Ke7 23. Nxd7 Kxd7 24. Bc5 Nfe8 25. Bg4+ Kxc7 26. Bxd6+ Nxd6 27. Nb5+ 1-0

[Event "Sueca op 1st"]
[Site "Sueca"]
[Date "2015.07.27"]
[Round "1"]
[White "Porras Boronat, German"]
[Black "Bordes Ibanez, Juan Bautista"]
[Result "0-1"]
[WhiteElo "1402"]
[BlackElo "1997"]
[PlyCount "56"]
[EventDate "2015.07.27"]
[EventType "swiss"]
[EventRounds "8"]
[EventCountry "ESP"]
[SourceTitle "EXT 2016"]
[Source "ChessBase"]
[SourceDate "2015.10.08"]
[SourceVersion "1"]
[SourceVersionDate "2015.10.08"]
[SourceQuality "1"]

1. e4 c5 2. Nf3 Nc6 3. d4 cxd4 4. Nxd4 Nf6 5. Nc3 d6 6. Bc4 e6 7. Bb3 Be7 8. Be3 0-0 9. 0-0 Na5 10. f4 Nxb3 11. axb3 a6 12. Qf3 e5 13. Nf5 Bxf5 14. exf5 exf4 15. Bxf4 d5 16. Rad1 Qb6+ 17. Be3 Bc5 18. Bxc5 Qxc5+ 19. Qf2 Qc6 20. Rd4 Rac8 21. Qf3 h6 22. Rf2 Rfe8 23. Kf1 Re5 24. Rfd2 Ne4 25. Re2 Rce8 26. Nxd5 Ng3+ 27. Qxg3 Rxe2 28. f6 Re1+ 0-1

[Event "ESP-ch 74th"]
[Site "Palma de Mallorca"]
[Date "2009.09.26"]
[Round "1"]
[White "Bordes Ibanez, Juan Bautista"]
[Black "Aloma Vidal, Roberto"]
[Result "0-1"]
[WhiteElo "2046"]
[BlackElo "2462"]
[PlyCount "74"]
[EventDate "2009.09.26"]
[EventType "swiss"]
[EventRounds "9"]
[EventCountry "ESP"]
[SourceTitle "CBM 132 Extra"]
[Source "ChessBase"]
[SourceDate "2009.11.03"]
[SourceVersion "1"]
[SourceVersionDate "2009.11.03"]
[SourceQuality "1"]

1. d4 Nf6 2. c4 g6 3. Nc3 Bg7 4. e4 d6 5. f3 0-0 6. Be3 Nc6 7. Nge2 a6 8. Qd2 Rb8 9. g4 b5 10. Ng3 e5 11. d5 Nd4 12. Be2 bxc4 13. h4 Nd7 14. h5 Nc5 15. Bxd4 exd4 16. Nd1 c3 17. bxc3 dxc3 18. Nxc3 Na4 19. Rc1 Bxc3 20. Rxc3 Nxc3 21. Qxc3 Rb1+ 22. Bd1 Bd7 23. Kf2 Qb8 24. Bb3 Rxh1 25. Nxh1 gxh5 26. Ng3 hxg4 27. Qf6 Qd8 28. Nh5 Qxf6 29. Nxf6+ Kg7 30. Nxd7 Rd8 31. Ba4 gxf3 32. Bc6 f6 33. Kxf3 Kf7 34. Kf4 Ke7 35. Kf5 Rxd7 36. Bxd7 Kxd7 37. Kxf6 c5 0-1

[Event "Mislata op 15th"]
[Site "Mislata"]
[Date "2007.08.23"]
[Round "2"]
[White "Castella Garcia, Fausto"]
[Black "Bordes Ibanez, Juan Bautista"]
[Result "0-1"]
[WhiteElo "2381"]
[BlackElo "2075"]
[PlyCount "62"]
[EventDate "2007.08.22"]
[EventType "swiss"]
[EventRounds "9"]
[EventCountry "ESP"]
[SourceTitle "CBM 120 Extra"]
[Source "ChessBase"]
[SourceDate "2007.11.01"]
[SourceVersion "1"]
[SourceVersionDate "2007.11.01"]
[SourceQuality "1"]

1. e4 e6 2. Nf3 c5 3. Nc3 d5 4. exd5 exd5 5. Bb5+ Nc6 6. d4 Nf6 7. Ne5 Bd7 8. Nxd7 Qxd7 9. Bg5 cxd4 10. Bxc6 bxc6 11. Bxf6 gxf6 12. Qxd4 Bg7 13. 0-0-0 0-0 14. Rd3 Qf5 15. Rg3 Qe5 16. Qh4 Kh8 17. f4 Qf5 18. Rf3 d4 19. Ne2 Rad8 20. Rd1 c5 21. Rh3 Rfe8 22. Ng3 Qg6 23. Kb1 f5 24. Qh5 c4 25. Qxf5 d3 26. c3 Rb8 27. Qxg6 fxg6 28. Kc1 Rb5 29. Nf1 Reb8 30. Nd2 Rxb2 31. Nxc4 Rc2# 0-1